| 000 | 01422nam a2200301 a 4500 | ||
|---|---|---|---|
| 001 | 000025507 | ||
| 003 | DO-SdBNP | ||
| 005 | 20230202110916.0 | ||
| 007 | ta | ||
| 008 | 110217s1983 dr 000 0 spa d | ||
| 040 |
_aDO-SdBNP _bspa _cBNPHU |
||
| 082 |
_a282.092 _bD259s _222 |
||
| 100 | 1 |
_aDávila, Arturo _952152 |
|
| 245 | 1 | 0 |
_aSan Telmo : _bnotas sobre el desarrollo de su culto en las Antillas / _cArturo Dávila. |
| 260 |
_aSanto Domingo : _bEdiciones Fundación García-Arévalo, _c1983. _fCorripio |
||
| 300 |
_a55 p. ; _c21 cm. |
||
| 490 | 1 |
_aMonográfica _v15 |
|
| 504 | _aBibliografía: p. 49-50. | ||
| 505 | 0 |
_gPresentación -- _gNota previa -- _tEl temple de San Telmo en la Iglesia Santo Domingo de Puerto Rico -- _tSan Fray Pedro González: orígenes, presencia y área de un culto -- _gApéndice de documentos: _tDescripción de los fuegos fatuos en el mar Plinio. Historia natural. Libro II -- _tVida de San Pedro González Telmo -- _tVida de San Eramos o San Elmo -- _gBibliografía. |
|
| 590 | _aInventariado, 2018/ YL | ||
| 600 | 1 | 4 |
_aTELMO, SAN, _d1190-1246 _xCULTO _zPUERTO RICO _952153 |
| 600 | 1 | 4 |
_aTELMO, SAN, _d1190-1246 _xCULTO _zREPÚBLICA DOMINICANA _952154 |
| 651 | 4 |
_aPuerto Rico _xVida Religiosa Y Costumbres _952155 |
|
| 651 | 4 |
_aRepública Dominicana _xVida Religiosa Y Costumbres _96935 |
|
| 830 | 0 |
_aMonográfica _v15 _98347 |
|
| 910 | _aValidado. Control de calidad EMS | ||
| 942 |
_2ddc _cLBS1 |
||
| 999 |
_c24999 _d24999 |
||